[Event "Accentus Young Masters 2020"]
[Site "Bad Ragaz"]
[Date "2020.02.26"]
[Round "1.1"]
[White "Colmenares, Aurelio"]
[Black "Brunello, Sabino"]
[Result "1/2-1/2"]
[WhiteElo "2302"]
[BlackElo "2528"]
[Annotator "TA"]
[PlyCount "80"]
[EventDate "2020.02.26"]
[EventType "schev"]
[EventCountry "SUI"]
[SourceTitle "playchess.com"]
[Source "ChessBase"]
[SourceQuality "1"]

{[%evp 12,80,34,27,33,16,29,15,40,8,0,-20,-22,-4,42,39,23,37,25,31,29,0,21,-10,10,-40,-33,-84,-26,-44,-31,-70,0,0,0,-81,-81,-68,-74,-86,-18,-23,-13,-8,-20,-60,-43,-50,-6,-7,0,0,0,0,0,0,0,0,0,0,0,0,0,0,0,0,0,0,0,0,0]} 1. e4 c6 2. d4 d5 3. e5 Bf5 4. Nf3 e6 5. Be2 Nd7 6. O-O h6 7. Nbd2 Ne7 {B12: Caro-Kann: Advance Variation.} 8. Nb3 Qc7 9. Bd2 g5 10. Ne1 c5 11. Nxc5 (11. c4 {keeps more tension.} dxc4 12. Bxc4 a6 13. Rc1 b5 14. Be2) 11... Nxc5 12. dxc5 Nc6 13. Bd3 Bxc5 14. Bxf5 exf5 15. Nd3 Bb6 16. Re1 O-O-O $1 17. c3 Rhe8 18. Qf3 f4 {[#]} 19. b4 $146 (19. g3 $15) ({Predecessor:} 19. Qh3+ Qd7 20. Qxd7+ Rxd7 21. g3 fxg3 22. hxg3 Rde7 23. Kg2 Nxe5 24. Nb4 Nc4 25. Rxe7 Rxe7 26. Nxd5 {½-½ (79) Arencibia Rodriguez,W (2506)-Yakubboev,N (2422) Sharjah 2016}) 19... Kb8 (19... Qd7 $17) 20. a4 {And now a5 would win.} Qc8 ({Not} 20... Nxe5 $2 21. Nxe5 Rxe5 22. a5 $18) 21. g3 fxg3 (21... Qh3 $1 $15) 22. hxg3 $11 Bc7 {[%cal Rc6e5]} 23. Kg2 (23. Qxf7 $11 Nxe5 24. Nxe5 Bxe5 25. Qg6) 23... Nxe5 $17 24. Nxe5 Bxe5 25. Qxf7 {[#]} Rf8 (25... d4 $1 $17 {[%cal Rd4c3]} 26. Rac1 Qc6+ 27. Qf3 Qxa4) 26. Qg6 $11 Bxc3 27. Rac1 $132 {[%mdl 2048] White puts up resistance} d4 {White must now prevent ...Qd7.} ({Wrong is} 27... Bxd2 $2 28. Rxc8+ Rxc8 29. Qd6+ Ka8 30. Re7 $18) 28. Qe4 Rde8 29. Qd5 Rxe1 (29... Qc7 {with more complications.} 30. Rxe8+ Rxe8 31. b5 Rc8 32. Qe6 Qc5) 30. Bxe1 {The position is equal.} Qc7 31. Bxc3 $1 dxc3 {[#]} 32. Rxc3 $1 {[%mdl 512]} Rxf2+ (32... Qxc3 33. Qd6+) 33. Kxf2 {Intending Qg8+ and mate.} Qxc3 {[%mdl 4096] Endgame KQ-KQ} 34. Qd8+ Qc8 35. Qd6+ Qc7 36. Qf8+ Qc8 37. Qd6+ Ka8 38. Qxh6 Qf5+ 39. Ke3 {Qh8+ would kill now.} Qe5+ 40. Kf3 {Threatens to win with Qf8+.} Qf5+ {Accuracy: White = 75%, Black = 72%.} 1/2-1/2

[Event "Accentus Young Masters 2020"]
[Site "Bad Ragaz"]
[Date "2020.02.26"]
[Round "1.2"]
[White "Baenziger, Fabian"]
[Black "Alboronz Cabrera, Daniel Carlos"]
[Result "0-1"]
[WhiteElo "2415"]
[BlackElo "2566"]
[Annotator "TA"]
[PlyCount "44"]
[EventDate "2020.02.26"]
[EventType "schev"]
[EventCountry "SUI"]
[SourceTitle "playchess.com"]
[Source "ChessBase"]
[SourceQuality "1"]

{[%evp 13,44,0,7,7,0,3,26,35,12,16,3,0,0,0,-5,-117,-120,-127,-127,-163,-155,-178,-178,-171,-163,-233,-243,-230,-202,-275,-276,-308,-301]} 1. Nf3 Nf6 2. c4 e6 3. g3 d5 4. Bg2 Be7 5. O-O O-O 6. d4 dxc4 7. Qc2 b5 8. a4 {E05: Open Catalan: 5 Nf3 Be7.} b4 9. Nfd2 Nd5 10. Nxc4 {White has an edge.} c5 11. dxc5 Ba6 12. Rd1 {And now e4 would win.} Nd7 13. b3 {Threatens to win with e4.} Rc8 {[#]} 14. Bb2 $146 (14. e4 $1 $11 N5f6 15. e5) ({Predecessor:} 14. e4 N5f6 15. e5 Nd5 16. Bb2 Nxc5 17. Nbd2 Qc7 18. Rac1 Rfd8 19. Bf1 Qb8 20. Bd4 {1-0 (33) Tsolakidou,S (2431)-Solozhenkina,E (2283) New Delhi 2019}) 14... Nxc5 $17 15. Nbd2 Bf6 16. Ne4 {[#]} Bxb2 $1 17. Nxc5 Bxa1 18. Nxa6 {[#]} Qf6 $1 19. Qc1 (19. Rd3 {was worth a try.}) 19... Bd4 $19 20. e3 Bc3 21. e4 Nb6 22. Nd6 Rcd8 {Accuracy: White = 53%, Black = 100%.} 0-1

[Event "Accentus Young Masters 2020"]
[Site "Bad Ragaz"]
[Date "2020.02.26"]
[Round "1.3"]
[White "Studer, Noel"]
[Black "Petrov, Nikita"]
[Result "1-0"]
[WhiteElo "2546"]
[BlackElo "2592"]
[Annotator "TA"]
[PlyCount "79"]
[EventDate "2020.02.26"]
[EventType "schev"]
[EventCountry "SUI"]
[SourceTitle "playchess.com"]
[Source "ChessBase"]
[SourceQuality "1"]

{[%evp 10,79,42,25,58,32,48,48,50,43,57,-18,35,37,25,1,75,63,101,30,34,10,27,28,30,35,34,22,51,59,59,0,0,0,0,0,0,0,9,0,0,-87,34,23,140,48,132,-26,311,319,387,381,347,215,216,213,454,458,435,429,501,451,437,414,539,381,377,367,720,714,706,705]} 1. d4 Nf6 2. c4 g6 3. Nc3 Bg7 4. e4 d6 5. h3 O-O 6. Be3 Nc6 {E71: King's Indian: 4 e4 d6 5 h3.} 7. d5 Ne5 8. g4 c6 {White is slightly better.} 9. f4 Ned7 {[#]} 10. Bg2 $1 $146 {[%mdl 8] An important novelty.} ({White should play} 10. Nf3 $14) ({Predecessor:} 10. Nf3 cxd5 11. cxd5 b6 12. Nd4 Nc5 13. Qf3 Bb7 14. g5 Nfxe4 15. Nxe4 Bxd5 16. Nf6+ exf6 17. Qxd5 {1-0 (48) Caruana,F (2822)-Firouzja,A (2723) Wijk aan Zee 2020}) 10... cxd5 (10... Nb6 $11) 11. cxd5 $14 b5 12. a3 a6 (12... Nb6 $11) 13. Nge2 $16 Bb7 14. Nd4 ({Better is} 14. O-O $16) 14... Rc8 15. O-O Nb6 16. Qe2 Nc4 17. Bf2 Nd7 18. Rfd1 Nc5 19. e5 $1 Qe8 {[%cal Rd6e5]} ({But not} 19... dxe5 $2 20. Nc6 $18) 20. b4 (20. a4 $1 $14 b4 21. Na2 (21. Qxc4 bxc3 22. bxc3 Ne4 $11) 21... dxe5 22. Nc6 {[%mdl 64] Double Attack} Nxa4 23. b3 (23. Qxc4 Bxc6 24. dxc6 Nxb2 $14 {[%mdl 64] Double Attack})) 20... dxe5 $11 21. fxe5 Nd7 22. e6 Ndb6 $1 23. Rac1 Bh6 24. Ra1 Bg7 25. Ra2 {[#]} (25. Rac1 $11 {keeps the balance.}) 25... fxe6 (25... f5 $1 $17) 26. Qxe6+ $14 Kh8 {[#]} (26... Qf7 $1 $11) 27. Re2 ({White has to play} 27. Qe1 $1 $16) 27... Nd6 ({Black should try} 27... Ba8 $14) 28. Nc6 $2 (28. Qe3 $16) 28... Nxd5 $2 {[%mdl 8192] Now Black is done in.} (28... Rxf2 $1 $11 29. Kxf2 Bxc3) 29. Nxd5 $18 Qxc6 30. Bc5 Nc4 31. Qxc6 Rxc6 32. Rxe7 Bc8 $2 (32... Nb2) 33. Nc7 Rxc5 34. bxc5 Bb2 35. Re8 Rxe8 36. Nxe8 Bxa3 37. Rd8 Bxc5+ 38. Kh1 Be6 $2 (38... Bxg4 39. hxg4 Be7) 39. Nc7+ {[%mdl 64] Double Attack, Discovered Attack} Bg8 40. Bd5 {Accuracy: White = 60%, Black = 40%.} 1-0

[Event "Accentus Young Masters 2020"]
[Site "Bad Ragaz"]
[Date "2020.02.26"]
[Round "1.4"]
[White "Gaehwiler, Gabriel"]
[Black "Donchenko, Alexander"]
[Result "0-1"]
[WhiteElo "2407"]
[BlackElo "2650"]
[Annotator "TA"]
[PlyCount "54"]
[EventDate "2020.02.26"]
[EventType "schev"]
[EventCountry "SUI"]
[SourceTitle "playchess.com"]
[Source "ChessBase"]
[SourceQuality "1"]

{[%evp 11,54,20,25,20,20,29,27,8,23,-37,-42,-112,-100,-112,-112,-110,-110,-118,-104,-123,-114,-189,-213,-212,-211,-230,-236,-258,-236,-533,-533,-637,-637,-624,-623,-583,-548,-800,-798,-928,-862,-854,-840,-5181,-2239]} 1. e4 c5 2. Nf3 d6 3. d4 cxd4 4. Nxd4 Nf6 5. Nc3 a6 6. Bg5 Nbd7 7. Qe2 {B94: Sicilian Najdorf: 6 Bg5 Nbd7.} h6 8. Bh4 g6 9. O-O-O {White has an edge.} e5 10. f4 ({White should try} 10. Nb3 $11) 10... exd4 $15 11. e5 ({White should play} 11. Rxd4 $15 Qa5 12. e5 dxe5 13. fxe5) 11... dxc3 $17 ({Inferior is} 11... dxe5 12. fxe5 Bc5 13. exf6+ Kf8 14. Ne4 $18) 12. exf6+ {[#]} Ne5 $1 {[%mdl 512]} 13. fxe5 {[#]} Be6 $1 {Strongly threatening ...Qa5.} 14. Be1 cxb2+ $40 {[%mdl 128] Black is out for blood.} 15. Kb1 {[#] Black should prevent exd6.} Qc7 $1 {[#]} 16. c4 $146 (16. Qe4 $17 {is a better defense.}) ({Predecessor:} 16. g3 dxe5 17. Bg2 Qc5 18. Qd3 Qb6 19. Bc3 Bd6 20. Bd5 Bc7 21. Ba5 Qxa5 22. Bxe6 {1-0 (55) Sliwicka,A (2293)-Nosacheva,M (2127) Riga 2018}) 16... dxe5 $19 17. Bc3 Bd6 18. Qxb2 O-O 19. Qc1 Rfd8 20. Rxd6 $2 (20. Be2 {was called for.}) 20... Qxd6 {Black is clearly winning.} 21. Qxh6 {[%csl Gf6][%cal Rh6g7]} Bf5+ {[%mdl 64] Discovered Attack} 22. Kb2 {[%csl Gf6][%cal Rh6g7]} Qb6+ 23. Ka3 {[%csl Gf6][%cal Rh6g7]} Qxf6 24. Be2 b5 25. g4 a5 {Hoping for ...b4+.} 26. cxb5 Rac8 27. Qe3 {[#]} Rd3 $1 {[%mdl 512] White got outplayed after the opening. Accuracy: White = 47%, Black = 100%.} 0-1

[Event "Accentus Young Masters 2020"]
[Site "Bad Ragaz"]
[Date "2020.02.26"]
[Round "1.5"]
[White "Stijve, Theo"]
[Black "Diermair, Andreas"]
[Result "1/2-1/2"]
[WhiteElo "2249"]
[BlackElo "2483"]
[Annotator "TA"]
[PlyCount "107"]
[EventDate "2020.02.26"]
[EventType "schev"]
[EventCountry "SUI"]
[SourceTitle "playchess.com"]
[Source "ChessBase"]
[SourceQuality "1"]

{[%evp 16,107,-4,-6,-6,0,0,0,0,0,36,39,44,44,46,41,47,49,40,10,15,-18,-24,-66,-54,-133,-112,-132,-62,-52,-61,-62,0,-4,0,0,0,0,8,8,8,14,13,15,8,8,65,65,80,38,62,62,62,60,60,60,63,57,57,57,75,57,57,57,75,75,75,57,57,0,15,16,16,16,16,16,16,16,16,0,16,16,16,16,16,0,16,0,16,0,0,0,0,0]} 1. e4 e5 2. Nf3 Nc6 3. Bb5 a6 4. Ba4 Nf6 5. d3 d6 6. c4 g6 7. Nc3 Bg7 8. h3 O-O 9. O-O $1 {[%mdl 4] is recently more successful than 9.Be3.} Nd4 {C77: Ruy Lopez: 3...a6 4 Ba4 Nf6, unusual lines.} 10. Nxd4 exd4 11. Ne2 Nd7 12. b4 {[#]} Rb8 $146 ({Predecessor:} 12... a5 13. Bxd7 Bxd7 14. b5 f5 15. exf5 Bxf5 16. Ng3 Be6 17. Ne4 d5 18. Bg5 Qc8 19. cxd5 Bxd5 {½-½ (54) Sadikhov,U (2479)-Brkic,A (2560) Sarajevo 2019}) 13. Bf4 b5 14. cxb5 axb5 15. Bb3 Nb6 16. Qd2 Be6 17. Rfc1 {With the idea Bh6.} Rc8 18. Rc6 Qd7 $1 $36 {[%cal Rd7c6][%mdl 2048] Black has good play.} 19. Rc2 c5 {And now ...c4 would win.} 20. bxc5 ({White should try} 20. Bh6 $1 $15) 20... dxc5 $17 {Hoping for ...c4.} 21. Qa5 Bxb3 (21... Qc6 $1 $17 22. Rcc1 c4) 22. axb3 $15 Ra8 23. Qe1 {[#]} Rxa1 ({Better is} 23... c4 $1 $15 {[%mdl 512]} 24. Rca2 (24. bxc4 bxc4) 24... Rxa2 25. Rxa2 f5 26. bxc4 fxe4) 24. Qxa1 $11 c4 25. bxc4 bxc4 {aiming for ...g5.} 26. Qa6 Ra8 27. Qxb6 cxd3 28. Rc7 $1 {[%cal Rc7d7]} dxe2 29. Rxd7 e1=Q+ {[%mdl 64] Double Attack} 30. Kh2 {Threatening mate with Rd8+.} Rf8 ({Not} 30... Qxf2 $2 {[#]} 31. Qd8+ $1 {[%mdl 512]} Rxd8 32. Rxd8+ Bf8 33. Bh6 $18) ({Black should play} 30... Qxe4 $11 31. Rd8+ Bf8) 31. f3 $14 h5 32. Rd8 Qh4 33. Rxf8+ Bxf8 34. Bg3 Qg5 35. Qxd4 Bc5 36. Qa1 h4 37. Be5 {Black must now prevent Qa8+.} Kh7 38. Bh8 {[%csl Gh8][%cal Ra1g7]} Bd6+ 39. Kh1 {[%csl Gh8][%cal Ra1g7]} Bf8 40. Bf6 Qg3 41. Be5 Qf2 42. Qa8 Bg7 {( -> ...Qf1+). The position is equal.} 43. Qd5 Bxe5 44. Qxe5 $11 {[%mdl 4096] Endgame KQ-KQ} f6 45. Qc7+ Kh6 46. Qf4+ Kg7 47. Qg4 g5 48. Qd7+ Kh6 49. Qd1 Kg6 50. Qg1 Qe2 51. Qb1 Qe3 52. e5+ f5 53. Qa1 Kf7 54. Qa2+ {Accuracy: White = 81%, Black = 88%.} 1/2-1/2

[Event "Accentus Young Masters 2020"]
[Site "Bad Ragaz"]
[Date "2020.02.27"]
[Round "2.1"]
[White "Albornoz Cabrera, Daniel Carlos"]
[Black "Colmenares, Aurelio"]
[Result "1-0"]
[WhiteElo "2566"]
[BlackElo "2302"]
[Annotator "TA"]
[PlyCount "107"]
[EventDate "2020.02.26"]
[EventType "schev"]
[EventCountry "SUI"]
[SourceTitle "playchess.com"]
[Source "ChessBase"]
[SourceQuality "1"]

{[%evp 17,107,14,12,0,0,0,24,30,34,43,38,42,30,-46,-36,-37,-33,-50,28,29,30,42,36,48,138,109,100,103,85,83,110,21,79,18,25,28,34,17,22,15,15,17,37,14,50,31,45,45,57,30,25,24,39,21,104,107,98,108,261,259,245,249,266,259,244,231,178,72,72,72,113,93,92,89,87,77,77,58,67,23,77,77,77,77,124,124,124,124,29981,29982,29981,29982]} 1. Nf3 Nf6 2. c4 e6 3. Nc3 d5 4. d4 c6 5. Bg5 h6 6. Bh4 dxc4 7. e4 g5 8. Bg3 b5 9. Be2 Bb7 10. Qc2 {D43: Semi-Slav: 5 Bg5 h6.} Nbd7 11. Rd1 Nh5 (11... Bb4 {looks sharper.} 12. Ne5 c5 13. O-O Bxc3 14. Qxc3 Nxe4 15. Qe3 Nxg3 16. fxg3 Nxe5 17. Qxe5 O-O) 12. d5 $1 {[%cal Rd5e6] aiming for dxe6.White has an edge.} Nxg3 13. hxg3 exd5 14. exd5 cxd5 {[#]} 15. Nxb5 $146 ({White should play} 15. Nxd5 $11 Bg7 16. Ne3) ({Predecessor:} 15. Nxd5 Bg7 16. Ne3 Qa5+ 17. Kf1 Rd8 18. Nf5 Kf8 19. Rd6 Bxf3 20. gxf3 Ne5 21. Qc3 {1-0 (28) Bok,B (2640)-Saric,I (2667) Khanty-Mansiysk 2019}) 15... Qa5+ $15 16. Nc3 Bg7 17. Nd4 Nf6 (17... Rd8 $15) 18. Nf5 $11 Kf8 19. O-O Rd8 20. Rd2 h5 (20... Ne8 $14) 21. Nxg7 Kxg7 22. Qf5 Rh6 23. Qxg5+ Rg6 24. Qe5 (24. Qf4 $1 $16) 24... Qb6 (24... Re8 $11 25. Qd4 Qb6) 25. Qd4 ({White should try} 25. Bf3 $16) 25... Qxd4 26. Rxd4 Rb8 27. Rfd1 Bc6 28. R1d2 Rg5 29. Kf1 Re5 30. Ke1 Rbe8 31. Kd1 Ne4 32. Nxe4 dxe4 33. Rxc4 e3 34. fxe3 Bxg2 35. Rc7 a5 {[#]} (35... Bd5 $11 {remains equal.}) 36. Bc4 $1 $36 {[%mdl 2048] White is really pushing.} Bf3+ 37. Ke1 Rxe3+ $2 (37... R8e7 $16 38. Rxe7 Rxe7) 38. Kf2 $18 Bg4 39. Rxf7+ Kg6 40. Rd6+ Kg5 41. Bd3 {[%cal Rf7g7]} R3e6 42. Rg7+ (42. Rd5+ $18 {has better winning chances.} Re5 43. Rg7+ Kf6 44. Rg6+ Kf7 45. Rgd6) 42... Kf6 $16 43. Rg6+ Kf7 44. Rgxe6 (44. Rd7+ {is more complex.} Kf8 45. Rxe6 Rxe6 46. Rd4 Re7 47. a3) 44... Bxe6 {[%mdl 4096] Endgame KRB-KRB} 45. Ra6 Rd8 46. Ke2 Bxa2 47. Rxa5 Be6 48. b4 {[%cal Bb2b4,Bb4b5,Bb5b6,Bb6b7][%mdl 32]} Rd4 {[#]} (48... h4 $11 {keeps the balance.}) 49. b5 $1 {[%cal Rb5b6] Hoping for b6.} Rb4 50. Kd2 Bd5 51. Kc3 Rg4 52. b6 Ke6 $2 {[%mdl 8192] [#]} (52... Bg2 $16 53. Rxh5 Ke7) 53. Rxd5 $1 {[%mdl 576] Remove Defender} Kxd5 54. b7 {Accuracy: White = 79%, Black = 59%.} 1-0

[Event "Accentus Young Masters 2020"]
[Site "Bad Ragaz"]
[Date "2020.02.27"]
[Round "2.2"]
[White "Petrov, Nikita"]
[Black "Baenziger, Fabian"]
[Result "1-0"]
[WhiteElo "2592"]
[BlackElo "2415"]
[Annotator "TA"]
[PlyCount "93"]
[EventDate "2020.02.26"]
[EventType "schev"]
[EventCountry "SUI"]
[SourceTitle "playchess.com"]
[Source "ChessBase"]
[SourceQuality "1"]

{[%evp 9,93,16,18,-21,-19,-18,8,3,12,0,0,0,0,0,0,-8,-10,0,0,0,3,0,50,58,55,46,47,45,54,50,54,51,52,42,44,12,18,17,13,30,28,16,16,20,47,15,69,72,112,105,111,91,90,48,60,48,42,33,96,98,102,0,96,96,91,89,95,0,350,308,935,5074,2198,1372,5114,5061,5057,2512,4774,5001,2423,2409,1855,915,898,892]} 1. e4 c5 2. Nc3 d6 3. f4 g6 4. Nf3 Bg7 5. Bb5+ Bd7 6. Bc4 {B23: Closed Sicilian: Lines without g3.} Nc6 7. d3 Nd4 8. Nxd4 {The position is equal.} cxd4 9. Ne2 e6 10. O-O Ne7 11. f5 {[#]} exf5 $146 ({Predecessor:} 11... gxf5 12. Ng3 Be5 13. exf5 Nxf5 14. Nxf5 exf5 15. Qh5 Qf6 16. Bd5 Rc8 17. Rf2 b6 {0-1 (63) Isik,E (2215)-Emiroglu,C (2291) Denizli 2013}) 12. Bg5 h6 13. Bh4 {exf5 is the strong threat.} O-O 14. exf5 Bxf5 15. Ng3 {Strongly threatening Rxf5!} Be6 (15... Bc8 $5 {[%cal Rg6g5]} 16. Qf3 d5 17. Bxe7 Qxe7 $11) 16. Bxe6 fxe6 17. Qg4 Qd7 18. Bxe7 Qxe7 19. Qxg6 Rf6 20. Qg4 {aiming for Rxf6.} Raf8 21. Nh5 Rf5 22. h4 Kh7 23. Ng3 $36 {[%mdl 2048] White has good play.} Rxf1+ 24. Rxf1 Rxf1+ 25. Nxf1 d5 26. h5 Qf7 27. Nd2 Be5 (27... e5 $11) 28. Nf3 $14 Bf4 29. Kf1 Be3 30. Ke2 $1 Qg7 31. Qh3 Qc7 32. Kd1 Qf7 33. Qg4 Qg7 ({Black should play} 33... a6 $14) 34. Qxe6 $16 Qxg2 35. Qd7+ (35. Qxd5 $6 Qh1+ 36. Ke2 Qg2+ 37. Kd1 Qh1+ 38. Ke2 Qg2+ 39. Kd1 $11) 35... Kh8 (35... Kg8 $1 $11 {remains equal.} 36. Qxd5+ {[%mdl 64] Double Attack} Kf8) 36. Qc8+ (36. Qxd5 $6 Qh1+ 37. Ke2 Qg2+ 38. Kd1 Qh1+ 39. Ke2 Qg2+ 40. Kd1 $11) 36... Kg7 37. Qxb7+ {[%mdl 64] Double Attack} Kf6 {[#]} 38. Qa6+ ({Much worse is} 38. Qxd5 $6 Qh1+ 39. Ke2 Qg2+ 40. Kd1 Qh1+ 41. Ke2 Qg2+ 42. Kd1 $11) (38. Qc6+ $1 $16 Kg7 39. Qc7+ (39. Qxd5 Qh1+ 40. Ke2 Qg2+ 41. Kd1 Qh1+ 42. Ke2 Qg2+ 43. Kd1 $11) 39... Kg8 40. Qc8+ (40. Qb8+ Kf7 $14) 40... Kg7 41. Qd7+ Kh8 42. Qd8+ (42. Qxd5 Qh1+ 43. Ke2 Qg2+ 44. Kd1 Qh1+ 45. Ke2 Qg2+ 46. Kd1 $11) 42... Kg7 43. Qc7+ (43. Qxd5 Qh1+ 44. Ke2 Qg2+ 45. Kd1 Qh1+ 46. Ke2 Qg2+ 47. Kd1 $11) 43... Kf8 44. Qd8+ Kg7 45. Qe7+ (45. Qxd5 Qh1+ 46. Ke2 Qg2+ 47. Kd1 Qh1+ 48. Ke2 Qg2+ 49. Kd1 $11) 45... Kg8 46. Qd8+ Kh7 47. Qe7+ (47. Qxd5 Qh1+ 48. Ke2 Qg2+ 49. Kd1 Qh1+ 50. Ke2 Qg2+ 51. Kd1 $11) 47... Kg8 48. Qe6+ Kh8 49. Qe5+ (49. Qxd5 Qh1+ 50. Ke2 Qg2+ 51. Kd1 Qh1+ 52. Ke2 Qg2+ 53. Kd1 $11) 49... Kh7 50. Qf5+ (50. Qxd5 Qh1+ 51. Ke2 Qg2+ 52. Kd1 Qh1+ 53. Ke2 Qg2+ 54. Kd1 $11) 50... Kg7 51. Qe5+ (51. Qxd5 Qh1+ 52. Ke2 Qg2+ 53. Kd1 Qh1+ 54. Ke2 Qg2+ 55. Kd1 $11) 51... Kh7 52. Qc7+ (52. Qxd5 Qh1+ 53. Ke2 Qg2+ 54. Kd1 Qh1+ 55. Ke2 Qg2+ 56. Kd1 $11) 52... Kg8 53. Qd8+ (53. Qb8+ Kf7 $14) 53... Kh7 54. Qe7+ (54. Qxd5 Qh1+ 55. Ke2 Qg2+ 56. Kd1 Qh1+ 57. Ke2 Qg2+ 58. Kd1 $11) 54... Kg8) 38... Kg7 $2 {[%mdl 8192]} (38... Ke7 $1 $11 {and Black stays safe.} 39. Qb7+ (39. Qxa7+ Kd6 $11) 39... Kd6 40. Qa6+ Ke7 41. Qxa7+ Kd6 42. Qb8+ Kd7 43. Ne5+ Ke7 44. Ng6+ Kd7 45. Nf8+ Ke7 46. Ng6+ Kd7 47. Nf8+ Ke7 48. Ng6+) 39. Qxa7+ $18 Kh8 $2 (39... Kf8 40. Qc5+ Ke8 41. Qc8+ (41. Qxd5 Qh1+ 42. Ke2 Qg2+ 43. Kd1 Qh1+ 44. Ke2 Qg2+ 45. Kd1 $11) 41... Ke7 42. Qc7+ Ke8 43. Qe5+ Kd8 44. Qxd5+ Kc7) 40. Qb8+ {White is clearly winning.} Kh7 41. Qc7+ Kh8 42. Qd8+ Kg7 43. Qe7+ Kg8 44. Qe8+ Kg7 {[#]} 45. Qg6+ $1 Qxg6 46. hxg6 Kxg6 47. a4 {Accuracy: White = 89%, Black = 61%.} 1-0

[Event "Accentus Young Masters 2020"]
[Site "Bad Ragaz"]
[Date "2020.02.27"]
[Round "2.3"]
[White "Donchenko, Alexander"]
[Black "Studer, Noel"]
[Result "1-0"]
[WhiteElo "2650"]
[BlackElo "2546"]
[Annotator "TA"]
[PlyCount "103"]
[EventDate "2020.02.26"]
[EventType "schev"]
[EventCountry "SUI"]
[SourceTitle "playchess.com"]
[Source "ChessBase"]
[SourceQuality "1"]

{[%evp 9,103,13,16,13,20,4,17,0,0,0,0,-2,-6,0,0,0,10,5,7,9,13,10,0,-7,13,12,56,63,58,68,60,72,110,110,110,109,119,132,135,137,141,122,181,204,186,152,129,95,192,129,134,123,116,111,98,53,50,0,106,108,122,104,108,69,69,69,69,69,69,69,69,69,69,69,69,69,69,65,777,778,753,753,753,753,700,621,29967,6280,29974,29975,29979,29980,29982,29983,29983,29984]} 1. c4 e5 2. g3 Nf6 3. Bg2 Bc5 4. Nc3 c6 5. e3 O-O 6. Nge2 {A23: English Opening: 1...e5 2 Nc3 Nf6 3 g3 c6.} d5 7. cxd5 Nxd5 8. O-O {The position is equal.} Nxc3 9. Nxc3 Bf5 10. d4 exd4 11. Na4 Be7 {[#] ...b5 is the strong threat.} 12. exd4 {[#]} Bf6 $146 ({Predecessor:} 12... Na6 13. a3 Be6 14. Be3 Re8 15. Re1 Qd7 16. Qc2 Rad8 17. Bf3 Nc7 18. Nc5 Bxc5 19. dxc5 {½-½ (46) Marin,I (2216)-Bolz,B (2269) GER email 2014}) 13. Be3 Na6 14. Qb3 Qa5 15. d5 cxd5 {[#] aiming for ...d4.} 16. Rad1 {[%cal Ba1d1,Bd1d5,Bd5b5][%mdl 32]} ({Much weaker is} 16. Bxd5 Nb4 $15) 16... Be6 {Strongly threatening ...d4.} 17. Bxd5 Bxd5 18. Rxd5 Qb4 19. Qxb4 Nxb4 20. Rb5 a5 21. a3 $36 {[%mdl 2048] White is really pushing.} Nc2 22. Bc5 ({But not} 22. Rxb7 Nxe3 23. fxe3 Rad8 $14) 22... Rfe8 23. Rd1 Re4 24. Nb6 Rae8 25. Nd5 Be5 (25... Bd4 $16 26. Bxd4 (26. Rxa5 f6 $16) 26... Rxd4 27. Rxd4 Nxd4 28. Rxb7 (28. Rxa5 f6 $16) 28... Kf8) 26. Rxb7 h5 27. Ne7+ Kh7 28. Nf5 Rc8 (28... Bf6 $16 {might work better.}) 29. Ba7 (29. Rd5 $18) 29... Re1+ $16 30. Rxe1 Nxe1 31. Kf1 Nf3 32. Kg2 Ne1+ 33. Kf1 (33. Kh3 $14) 33... Nf3 $1 34. h4 Rc2 35. Ne3 Rxb2 36. Rxb2 (36. Rxf7 {is more complex.} Bf6 37. Rd7 Rb3 38. Bc5 Rb5 39. Rd5) 36... Bxb2 {[%mdl 4096] Endgame KBN-KBN} 37. Nc4 Bc3 38. Ke2 Ne5 39. Nxe5 Bxe5 $14 {KB-KB} 40. Kd3 $1 Bd6 $1 {[%cal Rd6a3]} 41. a4 $1 Bb4 $1 42. Kc4 {Threatens to win with Kb5.} Be1 $1 43. Bb6 {Black must now prevent Kb5.} Kg6 $2 {[%mdl 8192] Now Black is done in.} (43... f5 $14) 44. Kb5 $18 Kf5 45. Bxa5 Bxf2 46. Bb4 g5 47. a5 Ke6 48. Kc6 f5 49. Bc5 {White mates.} Bxc5 50. Kxc5 f4 51. gxf4 g4 52. Kd4 {Accuracy: White = 87%, Black = 73%.} 1-0

[Event "Accentus Young Masters 2020"]
[Site "Bad Ragaz"]
[Date "2020.02.27"]
[Round "2.4"]
[White "Diermair, Andreas"]
[Black "Gaehwiler, Gabriel"]
[Result "1/2-1/2"]
[WhiteElo "2483"]
[BlackElo "2407"]
[Annotator "TA"]
[PlyCount "77"]
[EventDate "2020.02.26"]
[EventType "schev"]
[EventCountry "SUI"]
[SourceTitle "playchess.com"]
[Source "ChessBase"]
[SourceQuality "1"]

{[%evp 9,77,15,17,25,51,43,68,66,69,72,71,70,60,22,29,16,60,26,34,47,41,37,52,20,33,26,13,-9,-6,-9,0,0,0,0,0,-12,66,57,89,103,110,18,24,16,7,7,25,0,0,0,0,0,0,0,0,0,0,0,0,0,8,0,6,6,7,7,7,6,7,0]} 1. Nf3 Nf6 2. g3 e6 3. Bg2 d5 4. O-O b5 5. b3 Bb7 6. c4 {A07: Réti Opening: New York and Capablanca Systems.} bxc4 7. bxc4 dxc4 8. Na3 {[#] White is slightly better.} Be7 $146 ({Predecessor:} 8... Nbd7 9. Nxc4 c5 10. d3 Nd5 11. Bd2 Be7 12. Rb1 Qc8 13. Nfe5 Nxe5 14. Nxe5 O-O {½-½ (77) Meins,G (2430)-Zumsande,M (2422) Germany 2015}) 9. Nxc4 O-O 10. d3 c5 11. Bd2 Bd5 12. Ne3 Bc6 13. Qc2 Nbd7 14. Nc4 Nb6 15. Ba5 Nfd5 16. a3 Qc8 17. Rfc1 Qa6 18. Qd2 Nxc4 19. Rxc4 Rab8 {aiming for ...Rb5.} 20. Ne5 Bb5 21. Rcc1 Bf6 22. f4 c4 (22... Rfc8 $11) 23. a4 $1 $14 {[%cal Ra4b5]} c3 24. Bxc3 Nxc3 25. Qxc3 (25. axb5 $16 Qb6+ 26. e3 Nxb5 27. Rc6) 25... Rfc8 $1 $11 {[%cal Rc8c3]} 26. Qd4 Rxc1+ 27. Rxc1 Qxa4 28. Qxa4 Bxa4 {The position is equal.} 29. d4 Bd8 30. Nc6 Bxc6 $1 31. Rxc6 {[%mdl 4096] Endgame KRB-KRB} Bb6 32. e3 Kf8 33. Kf2 Ke7 34. Be4 g6 35. g4 Kd7 36. g5 Rc8 37. Rxc8 Kxc8 38. Bc6 Kd8 39. Ke2 {Accuracy: White = 81%, Black = 81%.} 1/2-1/2